000
002690000a22000970004500
100
1
_a
Weerstra, Hans M.
245
1
0
_a
Christian worldview development
300
_a
Vol. 14, Núm 1 (1997), Páginas 3-11
773
0
_t
International Journal of Frontier Misions
942
_c
ANA
999
_c
55209
_d
55209